| 000 | 00851cam a2200265 4500 | ||
|---|---|---|---|
| 001 | 2669681 | ||
| 003 | ARRUPE | ||
| 005 | 20130925145723.0 | ||
| 008 | 731023s1973 maua b 001 0 eng | ||
| 010 | _a 73075057 | ||
| 020 | _a0674687868 | ||
| 040 |
_aDLC _cDLC _dDLC |
||
| 043 | _af-rh--- | ||
| 050 | 0 | 0 |
_aDT962.75 _b.B68 |
| 100 | 1 |
_aBowman, Larry W. _91268 |
|
| 245 | 1 | 0 |
_aPolitics in Rhodesia; _bwhite power in an African state _c[by] Larry W. Bowman. |
| 260 |
_aCambridge, Mass., _bHarvard University Press, _c1973. |
||
| 300 |
_aviii, 206 p. _billus. _c25 cm. |
||
| 504 | _aBibliography: p. 191-200. | ||
| 651 | 0 |
_aZimbabwe _xPolitics and government _y1965-1979. _91269 |
|
| 651 | 0 |
_aRhodesia _91270 |
|
| 651 | 0 |
_aZimbabwe _xPolitics and government. _91271 |
|
| 906 |
_a7 _bcbc _corignew _d2 _eopcn _f19 _gy-gencatlg |
||
| 942 |
_2lcc _cMONOGRAPH |
||
| 999 |
_c118046 _d118046 |
||